000 00294nam a2200133Ia 4500
100 _aWine/ Lowell/R
942 _cBK
654 _astats
245 _aStatistics For Scientists & Engineers
260 _bprentice hall
_aNewDelhi
_c1966
082 _a519.5
300 _a671
546 _aENGLISH
999 _c33559
_d33559